Metódy a techniky regionálnej analýzy

Salvato in:
Dettagli Bibliografici
Autore principale: Gecíková, Ivana
Ente Autore: Vysoká škola ekonómie a manažmentu verejnej správy v Bratislave
Altri autori: Papcunová, Viera
Natura: Libro
Lingua:slovacco
Pubblicazione: Bratislava Sprint dva 2011
Serie:Economics
Soggetti:
Tags: Aggiungi Tag
Nessun Tag, puoi essere il primo ad aggiungerne!!

MARC

LEADER 00000nam a2200000 4500
001 0128727
005 20240226122640.8
020 |a 978-80-89393-39-8 
041 0 |a slo 
044 |a SK 
245 1 0 |a Metódy a techniky regionálnej analýzy  |c Ivana Gecíková, Viera Papcunová 
264 1 |a Bratislava  |b Sprint dva  |c 2011 
300 |a 148 s. 
490 1 |a Economics 
830 0 |a Economics 
610 2 0 |a rozvoj regionálny 
610 2 0 |a politika regionálna 
610 2 0 |a regióny 
610 2 0 |a systémy informačné 
610 2 0 |a štruktúra ekonomická 
610 2 0 |a analýza ekonomická 
610 2 0 |a multiplikátor 
610 2 0 |a input-output 
610 2 0 |a benchmarking 
610 2 0 |a plánovanie regionálne 
610 2 0 |a politika komunálna 
100 1 |a Gecíková, Ivana 
700 1 |a Papcunová, Viera 
710 2 |a Vysoká škola ekonómie a manažmentu verejnej správy v Bratislave